Normal view
MARC view
- Domb, Cyril.
Entry Personal Name
001 - CONTROL NUMBER
- control field: 8833
003 - CONTROL NUMBER IDENTIFIER
- control field: NUST
005 - DATE AND TIME OF LATEST TRANSACTION
- control field: 20180118145735.0
008 - FIXED-LENGTH DATA ELEMENTS
- fixed length control field: 180118|| aca||aabn | a|a d
040 ## - CATALOGING SOURCE
- Original cataloging agency: NUST
- Transcribing agency: NUST
100 ## - HEADING--PERSONAL NAME
- Personal name: Domb, Cyril.
670 ## - SOURCE DATA FOUND
- Source citation: Work cat.: (NUST)29272: Domb, Cyril., Phase transitions and critical phenomena. Volume 18 /, 2001.
